La aventura semiológica.

Gespeichert in:
Bibliographische Detailangaben
1. Verfasser: Barthes, Roland (autor)
Weitere Verfasser: Alcalde, Ramón (traductor)
Format: Buch
Sprache:Spanisch
Veröffentlicht: Barcelona, España: Paidós, 1990.
Schriftenreihe:Colección Paidós Comunicación,
Schlagworte:
Tags: Tag hinzufügen
Keine Tags, Fügen Sie den ersten Tag hinzu!

MARC

LEADER 00000nam a2200000 a 4500
001 UCL9599
003 CL-VaPUC
005 20250321101905.0
008 040813t19900000SP |||||||||||||||||spa|d
999 |c 310339  |d 310337 
020 |a 84-7509-581-X 
040 |c Pontificia Universidad Católica de Valparaíso 
082 0 4 |a 302.2 BAR 1990  |2 21 
100 |a Barthes, Roland  |e autor  |9 265510 
245 1 3 |a La aventura semiológica. 
260 |a Barcelona, España:  |b Paidós,  |c 1990. 
300 |a 352 páginas. 
490 0 |a Colección Paidós Comunicación,  |n  40. 
500 |a c.4-c.5. Instituto Arcos.08-01-2025. 
583 |a last modification  |c 20040813 00:00:00  |k Rodrigo Vera 
650 0 |a Semiología  |9 317916 
650 0 |a Análisis del discurso  |9 256696 
650 0 |a Comunicación   |9 257251 
650 0 |a Filosofía del lenguaje  |9 257082 
650 0 |a Semántica  |9 265318 
700 |9 895887  |a Alcalde, Ramón  |e traductor 
942 |c BK  |2 ddc  |n 0 
945 |d 20040813 00:00:00  |a cmena 
952 |0 0  |1 0  |4 0  |6 302_200000000000000_BAR_1990  |7 0  |8 A  |9 378647  |a BIBART  |b BIBART  |d 2019-11-21  |i 420350K  |l 3  |o 302.2 BAR 1990  |p 420350K  |r 2025-03-13  |s 2021-12-16  |w 2019-11-21  |y BK  |k ART 
952 |0 0  |1 0  |4 0  |6 302_200000000000000_BAR_1990  |7 0  |8 A  |9 378648  |a BIBCUR  |b BIBCUR  |d 2019-11-21  |i 4561953  |o 302.2 BAR 1990  |p 4561953  |r 2025-04-22  |w 2019-11-21  |y BK  |k PER 
952 |0 0  |1 0  |2 ddc  |4 0  |6 302_200000000000000_BAR_1990  |7 0  |9 599984  |a BIBINC  |b BIBINC  |c GEN  |d 2025-01-27  |e Instituto Arcos  |i 5664825  |o 302.2 BAR 1990  |p 5664825  |r 2025-01-27  |t 3  |w 2025-01-27  |y BK  |k IFP 
952 |0 0  |1 0  |2 ddc  |4 0  |6 302_200000000000000_BAR_1990  |7 0  |9 599985  |a BIBINC  |b BIBINC  |c GEN  |d 2025-01-27  |e Instituto Arcos  |i 5664826  |o 302.2 BAR 1990  |p 5664826  |r 2025-01-27  |t 4  |w 2025-01-27  |y BK  |k IFP